| 000 | 00988nac a22003251u 4500 | ||
|---|---|---|---|
| 003 | EG-ScBUE | ||
| 005 | 20220706101251.0 | ||
| 008 | 200219r20031995enka f 000 0 eng d | ||
| 020 | _a0194228002 | ||
| 020 | _a9780194228008 | ||
| 040 |
_aEG-ScBUE _erda _beng _cEG-ScBUE _dEG-ScBUE |
||
| 043 | _an-us-ny | ||
| 082 | 0 | 4 |
_a428.6 _bESC _222 |
| 100 | 1 |
_aEscott, John, _eauthor. |
|
| 245 | 1 | 0 |
_aNew York / _cJohn Escott. |
| 250 | _aEleventh impression. | ||
| 264 | 1 |
_aOxford : _bOxford University Press, _c2003. |
|
| 300 |
_a22 pages : _billustrations (some color) ; _c21 cm. |
||
| 336 |
_2rdacontent _atext _btxt |
||
| 337 |
_2rdamedia _aunmediated _bn |
||
| 338 |
_2rdacarrier _avolume _bnc |
||
| 490 | 0 | _aFact files | |
| 490 | 0 |
_aOxford book worms ; _v1 |
|
| 650 | 7 |
_aReaders (Elementary) _2BUEsh |
|
| 650 | 7 |
_aReaders (Primary) _2BUEsh |
|
| 651 | 7 |
_aNew York (N.Y.) _xDescription and travel. _2BUEsh |
|
| 653 | _bHHUUEENN | ||
| 655 |
_vReading book _934232 |
||
| 942 |
_cBB _2ddc |
||
| 999 |
_c2286 _d2286 |
||